000 00587nam a22002177a 4500
003 OSt
005 20140704141006.0
008 140704b xxu||||| |||| 00| 0 eng d
020 _a9781444108620
040 _c`DNLM
082 _aWO275 H193b 2011
_bH
100 _dEdited by Pollard Brian J.
_9332
245 _aHandbook of clinical Anaesthesia
250 _a3rd ed.
260 _a UK:
_bArnold,
_c2011
300 _axix,830p;
_bill.
_c25cm
504 _aBibliography, index included.
650 _aAnaesthesia
_9333
700 _aEdited by Pollard, Brian J.
_9334
942 _2z
_cO_SHELF
999 _c123
_d123